000 00403nam a2200157 i 4500
001 80863
003 ES-MaACL
005 20230906174321.0
007 t|
008 041102s1916 xxk ||||1| eng d
100 1 _aHousman, A. E.
_964349
245 1 2 _aA shropshire lad /
_cA.E. Houseman.
260 _aLondon :
_bGrant Richards,
_c1916.
300 _aVII, 95 p. ;
_c17 cm.
852 _aES-MaACL
_jD-2436
999 _c80863
_d80863